Experimental chemistry: a laboratory manual (Record no. 62936)
[ view plain ]
| 000 -LEADER | |
|---|---|
| fixed length control field | 02244nam a2200313 a 4500 |
| 008 - FIXED-LENGTH DATA ELEMENTS--GENERAL INFORMATION | |
| fixed length control field | 120416s1974 ||||||||||||||||| || u |
| 020 ## - INTERNATIONAL STANDARD BOOK NUMBER | |
| International Standard Book Number | 0713123435 |
| 050 ## - LIBRARY OF CONGRESS CALL NUMBER | |
| Classification number | QD 45 Ren |
| 100 ## - MAIN ENTRY--PERSONAL NAME | |
| Personal name | Davis, Peter |
| 245 10 - TITLE STATEMENT | |
| Title | Experimental chemistry: a laboratory manual |
| 250 ## - EDITION STATEMENT | |
| Edition statement | 2nd ed. |
| 260 ## - PUBLICATION, DISTRIBUTION, ETC. | |
| Place of publication, distribution, etc. | London |
| Name of publisher, distributor, etc. | Edward Arnold |
| Date of publication, distribution, etc. | 1974 |
| 300 ## - PHYSICAL DESCRIPTION | |
| Extent | vi, 214p. : ill. |
| 350 ## - | |
| -- | 0.00 |
| 650 ## - SUBJECT ADDED ENTRY--TOPICAL TERM | |
| Topical term or geographic name entry element | CHEMISTRY--EXPERIMENTS |
| 650 #0 - SUBJECT ADDED ENTRY--TOPICAL TERM | |
| Topical term or geographic name entry element | CHEMISTRY--HANDBOOKS, MANUALS, ETC |
| 700 ## - ADDED ENTRY--PERSONAL NAME | |
| Personal name | Rendle, Peter |
| 995 ## - | |
| -- | TEXTBOOKS (CHEM.ENG.) |
| -- | 0.00 |
| -- | 3698 |
| -- | CBU-SCHOOL TEXTBOOK COLLECTIONS |
| -- | 1 |
| -- | 0.00 |
| -- | SCHOOL TEXTBOOK |
| -- | 11 |
| -- | AVAILABLE |
| -- | Sep 3, 2009 |
| -- | 3698 |
| -- | School Collections |
| 995 ## - | |
| -- | BINDERY (DAMAGED) |
| -- | 0.00 |
| -- | 711750 |
| -- | CBU-MAIN LIBRARY (Kitwe) |
| -- | 4 |
| -- | 8.95 |
| -- | QD 45 Ren |
| -- | 6 |
| -- | DAMAGED |
| -- | 44217 |
| -- | Main Library Open Access Collection |
| 995 ## - | |
| -- | BINDERY (DAMAGED) |
| -- | 0.00 |
| -- | 714579 |
| -- | CBU-MAIN LIBRARY (Kitwe) |
| -- | 7 |
| -- | 8.95 |
| -- | QD 45 Ren |
| -- | 7 |
| -- | DAMAGED |
| -- | 018489 |
| -- | Main Library Open Access Collection |
| 995 ## - | |
| -- | BINDERY (DAMAGED) |
| -- | 0.00 |
| -- | 711749 |
| -- | CBU-MAIN LIBRARY (Kitwe) |
| -- | 6 |
| -- | 8.95 |
| -- | QD 45 Ren |
| -- | 2 |
| -- | DAMAGED |
| -- | 020522 |
| -- | Main Library Open Access Collection |
| 995 ## - | |
| -- | BINDERY (DAMAGED) |
| -- | 0.00 |
| -- | 714578 |
| -- | CBU-MAIN LIBRARY (Kitwe) |
| -- | 2 |
| -- | 8.95 |
| -- | QD 45 Ren |
| -- | 4 |
| -- | DAMAGED |
| -- | 021798 |
| -- | Main Library Open Access Collection |
| 995 ## - | |
| -- | TEXTBOOKS (COMP.SCIENCE) |
| -- | 0.00 |
| -- | 3187 |
| -- | CBU-SCHOOL TEXTBOOK COLLECTIONS |
| -- | 1 |
| -- | 0.00 |
| -- | SCHOOL TEXTBOOK |
| -- | 9 |
| -- | AVAILABLE |
| -- | Jul 28, 2009 |
| -- | 3187 |
| -- | School Collections |
| 995 ## - | |
| -- | MAIN LIBRARY OPEN ACCESS |
| -- | 0.00 |
| -- | 711748 |
| -- | CBU-MAIN LIBRARY (Kitwe) |
| -- | 3 |
| -- | 8.95 |
| -- | QD 45 Ren |
| -- | 5 |
| -- | AVAILABLE |
| -- | 024623 |
| -- | Main Library Open Access Collection |
| 995 ## - | |
| -- | TEXTBOOKS (COMP.SCIENCE) |
| -- | 0.00 |
| -- | 3188 |
| -- | CBU-SCHOOL TEXTBOOK COLLECTIONS |
| -- | 1 |
| -- | 0.00 |
| -- | SCHOOL TEXTBOOK |
| -- | 10 |
| -- | AVAILABLE |
| -- | Jul 28, 2009 |
| -- | 3188 |
| -- | School Collections |
| 995 ## - | |
| -- | MAIN LIBRARY OPEN ACCESS |
| -- | 0.00 |
| -- | 718426 |
| -- | CBU-MAIN LIBRARY (Kitwe) |
| -- | 5 |
| -- | 8.95 |
| -- | QD 45 Ren |
| -- | 3 |
| -- | AVAILABLE |
| -- | 020671 |
| -- | Main Library Open Access Collection |
| 995 ## - | |
| -- | TEXTBOOKS (MIN.ENG.) |
| -- | 0.00 |
| -- | 03501 |
| -- | CBU-SCHOOL TEXTBOOK COLLECTIONS |
| -- | 1 |
| -- | 0.00 |
| -- | SCHOOL TEXTBOOK |
| -- | AVAILABLE |
| -- | Jul 17, 2009 |
| -- | 03501 |
| -- | Main Library Open Access Collection |
| 995 ## - | |
| -- | BINDERY (DAMAGED) |
| -- | 0.00 |
| -- | 711747 |
| -- | CBU-MAIN LIBRARY (Kitwe) |
| -- | 1 |
| -- | 8.95 |
| -- | QD 45 Ren |
| -- | 1 |
| -- | DAMAGED |
| -- | 020340 |
| -- | Main Library Open Access Collection |
| 999 ## - | |
| -- | 62936 |
| -- | 62936 |
| Withdrawn status | Lost status | Source of classification or shelving scheme | Damaged status | Not for loan | Permanent Location | Current Location | Shelving location | Date acquired | Total Checkouts | Full call number | Barcode | Date last seen | Price effective from | Koha item type |
|---|---|---|---|---|---|---|---|---|---|---|---|---|---|---|
| CBU-MAIN LIBRARY, KITWE. | CBU-MAIN LIBRARY, KITWE. | 12/16/2022 | QD 45 Ren | 3698 | 12/16/2022 | 12/16/2022 | MONOGRAPH | |||||||
| CBU-MAIN LIBRARY, KITWE. | CBU-MAIN LIBRARY, KITWE. | 12/16/2022 | QD 45 Ren | 44217 | 12/16/2022 | 12/16/2022 | MONOGRAPH | |||||||
| CBU-MAIN LIBRARY, KITWE. | CBU-MAIN LIBRARY, KITWE. | 12/16/2022 | QD 45 Ren | 018489 | 12/16/2022 | 12/16/2022 | MONOGRAPH | |||||||
| CBU-MAIN LIBRARY, KITWE. | CBU-MAIN LIBRARY, KITWE. | 12/16/2022 | QD 45 Ren | 020522 | 12/16/2022 | 12/16/2022 | MONOGRAPH | |||||||
| CBU-MAIN LIBRARY, KITWE. | CBU-MAIN LIBRARY, KITWE. | 12/16/2022 | QD 45 Ren | 021798 | 12/16/2022 | 12/16/2022 | MONOGRAPH | |||||||
| CBU-MAIN LIBRARY, KITWE. | CBU-MAIN LIBRARY, KITWE. | 12/16/2022 | SCHOOL TEXTBOOK | 3187 | 12/16/2022 | 12/16/2022 | MONOGRAPH | |||||||
| CBU-MAIN LIBRARY, KITWE. | CBU-MAIN LIBRARY, KITWE. | 12/16/2022 | QD 45 Ren | 024623 | 12/16/2022 | 12/16/2022 | MONOGRAPH | |||||||
| CBU-MAIN LIBRARY, KITWE. | CBU-MAIN LIBRARY, KITWE. | 12/16/2022 | SCHOOL TEXTBOOK | 3188 | 12/16/2022 | 12/16/2022 | MONOGRAPH | |||||||
| CBU-MAIN LIBRARY, KITWE. | CBU-MAIN LIBRARY, KITWE. | 12/16/2022 | QD 45 Ren | 020671 | 12/16/2022 | 12/16/2022 | MONOGRAPH | |||||||
| CBU-MAIN LIBRARY, KITWE. | CBU-MAIN LIBRARY, KITWE. | 12/16/2022 | SCHOOL TEXTBOOK | 03501 | 12/16/2022 | 12/16/2022 | MONOGRAPH | |||||||
| CBU-MAIN LIBRARY, KITWE. | CBU-MAIN LIBRARY, KITWE. | 12/16/2022 | QD 45 Ren | 020340 | 12/16/2022 | 12/16/2022 | MONOGRAPH |